Parcs nationaux et régionaux de France - Carte Quiz - Statistiques

Statistiques générales
  • Ce quiz a été pris 5 144 fois
  • Le résultat moyen est 26 sur 69
Réponses sur la Carte
Les réponses sont colorées sur une échelle allant du rouge au vert en fonction du pourcentage des utilisateurs qui les ont devinées à leur premier essai. Vous pouvez retrouver ces pourcentages ci-dessous.
 
Statistiques - réponses
Réponse % Correct
PNR Corse
75%
Parc amazonien Guyane
73%
PN Guadeloupe
72%
PN Réunion
69%
PN Calanques
67%
PN Pyrénées
62%
PNR Guyane
62%
PNR Martinique
61%
PNR Ardennes
59%
PNR Baie de Somme
59%
PNR Golfe du Morbihan
59%
PNR Boucles de la Seine normande
54%
PNR Armorique
53%
PNR Camargue
53%
PNR Pyrénées catalanes
53%
PNR Haut-Jura
52%
PNR Montagne de Reims
51%
PNR Pyrénées ariégeoises
51%
PNR Narbonnaise en Méditerranée
49%
PN Cévennes
47%
PNR Ballons des Vosges
47%
PNR Normandie-Maine
47%
PNR Oise-Pays de France
47%
PNR Loire-Anjou-Touraine
46%
PNR Volcans d'Auvergne
46%
PNR Marais du Cotentin et du Bessin
44%
PNR Doubs horloger
42%
PNR Lorraine
42%
PNR Marais poitevin
42%
PNR Landes de Gascogne
40%
PN Port-Cros
39%
PNR Vosges du Nord
39%
PN Mercantour
38%
PNR Caps et Marais d'Opale
37%
PNR Périgord Limousin
37%
PNR Millevaches en Limousin
36%
PNR Monts d'Ardèche
36%
PN Écrins
35%
PNR Médoc
35%
PN Forêts
33%
PN Vanoise
33%
PNR Préalpes d'Azur
32%
PNR Morvan
31%
PNR Haut-Languedoc
27%
PNR Aubrac
26%
PNR Chartreuse
26%
PNR Mont-Ventoux
26%
PNR Perche
26%
PNR Vercors
26%
PNR Scarpe-Escaut
23%
PNR Haute Vallée de Chevreuse
22%
PNR Verdon
22%
PNR Causses du Quercy
21%
PNR Livradois-Forez
21%
PNR Vexin français
21%
PNR Luberon
19%
PNR Forêt d'Orient
18%
PNR Queyras
18%
PNR Alpilles
17%
PNR Avesnois
17%
PNR Baronnies provençales
17%
PNR Gâtinais français
17%
PNR Bauges
15%
PNR Brière
15%
PNR Corbières-Fenouillèdes
15%
PNR Grands Causses
15%
PNR Pilat
14%
PNR Sainte-Beaume
14%
PNR Brenne
12%
Aucun quiz correspondant
Distribution des résultats
% des personnes avec chaque résultat
Percentile par nombre de réponses
Votre historique - résultats
Vous n’avez pas pris ce quiz